[Event "Utasellato NK"]
[Site "Budapest"]
[Date "1991.??.??"]
[Round "11"]
[White "Kaiser, Wolfgang"]
[Black "Farago, Sandor"]
[Result "1/2-1/2"]
[WhiteElo "2340"]
[BlackElo "2410"]

1.d4 Nf6 2.c4 g6 3.Nc3 d6 4.e4 Bg7 5.Nf3 O-O 6.Be2 e5 7.O-O Nc6 8.d5 Ne7
9.Nd2 c5 10.a3 Ne8 11.b4 b6 12.Nb3 f5 13.bxc5 bxc5 14.Bg5 Nf6 15.Nxc5 dxc5
16.d6 Be6 17.dxe7 Qxe7 18.Qa4 Qf7 19.Bxf6 Bxf6 20.Rab1 Bh4 21.Qa6 Rad8 22.Rb7 Rd7
23.Rxd7 Qxd7 24.Na4 Bf7 25.exf5 gxf5 26.Rd1 Qc7 27.g3 Be7 28.Nc3 Rd8 29.Rxd8+ Qxd8
30.Qxa7 Bf8 31.Qb7 Qd2 32.Qb3 e4 33.Bf1 e3 34.Ne2 exf2+ 35.Kxf2 Bd6 36.Qc3 Qa2
37.Qd3 Be7 38.Qe3 Kf8 39.Qh6+ Kg8 40.Qe3 Kf8 41.Bh3 Bxc4 42.Bxf5 Bg8 43.Qf3 Kg7
44.Qc3+ Kf8 45.Bc2 Qe6 46.Nf4 Qd6 47.Qd3 Qxd3 48.Nxd3 c4 49.Nb4 Bc5+ 50.Ke2 Kg7
51.Be4 h5 52.Nc2 Bf7 53.a4 Bb6  1/2-1/2

[Event "Cansys"]
[Site "Budapest"]
[Date "1991.??.??"]
[Round "12"]
[White "Lukacs, Peter"]
[Black "Zakic, Srdjan"]
[Result "1-0"]
[WhiteElo "2460"]
[BlackElo "2350"]

1.d4 Nf6 2.c4 g6 3.Nc3 Bg7 4.e4 d6 5.Nf3 O-O 6.Be2 e5 7.O-O Nc6 8.d5 Ne7
9.Ne1 Nd7 10.f3 f5 11.g4 f4 12.h4 Kh8 13.Ng2 Ng8 14.Bd2 Bf6 15.Be1 Rf7 16.Kh2 Qf8
17.b4 Bd8 18.Rc1 a5 19.a3 axb4 20.axb4 g5 21.h5 Ngf6 22.Rh1 c6 23.dxc6 bxc6
24.c5 dxc5 25.b5 Nb6 26.bxc6 Be6 27.Bf2 Rc8 28.Bb5 Bc7 29.Nb1 Rd8 30.Nd2 Qd6
31.Rc2 c4 32.Qg1 Qd3 33.Ne1 Qxd2 34.Rxd2 Rxd2 35.Kh3 Nc8 36.Bc5 c3 37.Rh2 Nd6
38.Bd3 Rf8 39.Bb4 Rxh2+ 40.Kxh2 c2 41.Nxc2 Ra8 42.Qc5 Nde8 43.Na3 Rd8 44.Nb5 Rxd3
45.Nxc7 Nxc7 46.Qf8+ Ng8 47.h6  1-0

[Event "Buenos Aires Konex"]
[Site "Buenos Aires"]
[Date "1991.??.??"]
[Round "8"]
[White "Scarella, Enrique"]
[Black "Schwanek, Carlos"]
[Result "0-1"]
[WhiteElo "2245"]
[BlackElo "2360"]

1.d4 d6 2.c4 g6 3.Nc3 Bg7 4.Nf3 Nf6 5.e4 O-O 6.Be2 e5 7.O-O Nc6 8.Be3 Ng4
9.Bg5 f6 10.Bh4 g5 11.Bg3 Nh6 12.dxe5 fxe5 13.h4 Nf7 14.hxg5 Nd4 15.Qd2 Nxf3+
16.Bxf3 Nxg5 17.Be2 Be6 18.Rad1 Kh8 19.c5 dxc5 20.Qe3 Qe7 21.Nd5 Bxd5 22.Rxd5 b6
23.Rfd1 Rad8 24.Bb5 Rd6 25.R1d3 Nf7 26.Qd2 Rxd5 27.Rxd5 Nd6 28.Qe2 Qg5 29.Bd7 c4
30.Qe1 Qe7 31.Bh3 c6 32.Rd1 Bf6 33.f3 Rd8 34.Qb4 Kg7 35.Kh2 h5 36.a4 h4 37.Bf2 Bg5
38.a5 Bf4+ 39.Kg1 bxa5 40.Qxa5 Nb7 41.Qe1 Rxd1 42.Qxd1 Nc5 43.Qa1 Nd3 44.Bxa7 Nxb2
45.Bb6 c3 46.Qb1 Qb4 47.Bf2 Qb3 48.Qa1 c2 49.Qa7+ Qf7  0-1

[Event "Buenos Aires Najdorf"]
[Site "Buenos Aires"]
[Date "1991.??.??"]
[Round "10"]
[White "Amura, Claudia Noemi"]
[Black "Dolmatov, Sergey"]
[Result "0-1"]
[WhiteElo "2405"]
[BlackElo "2620"]

1.d4 Nf6 2.c4 g6 3.Nc3 Bg7 4.e4 d6 5.Be2 O-O 6.Nf3 e5 7.O-O Nc6 8.d5 Ne7
9.Nd2 a5 10.a3 Nd7 11.Rb1 f5 12.b4 Kh8 13.f3 Ng8 14.Nb3 axb4 15.axb4 Ndf6
16.c5 Nh5 17.g3 Nhf6 18.g4 Ne8 19.Bd2 Nh6 20.h3 Nf7 21.Kg2 Bf6 22.cxd6 cxd6
23.Na5 h5 24.Be3 Bg5 25.Bf2 Kg7 26.Na4 hxg4 27.hxg4 fxg4 28.fxg4 Nh6 29.Bf3 Nf6
30.Nb6 Rb8 31.Nxc8 Qxc8 32.Ba7 Ra8 33.Bg1 Rh8 34.Rb3 Bf4 35.Rf2 Nhxg4 36.Bxg4 Nxg4
37.Rc2 Qd7 38.Rcc3 Nf6 39.Qe2 Rh5 40.Rh3 Rxh3 41.Rxh3 Nxe4 42.Rd3 Qf5  0-1

[Event "BUL-ch"]
[Site "?"]
[Date "1991.??.??"]
[Round "4"]
[White "Genov, Petar"]
[Black "Janev, Evgeni"]
[Result "0-1"]
[WhiteElo "2420"]
[BlackElo "2345"]

1.d4 Nf6 2.c4 g6 3.Nc3 Bg7 4.e4 d6 5.Nf3 O-O 6.Be2 e5 7.O-O Nc6 8.d5 Ne7
9.Nd2 Nd7 10.Rb1 f5 11.b4 Kh8 12.Qc2 b6 13.a4 c5 14.dxc6 Nxc6 15.Nb5 Nf6
16.Qd3 fxe4 17.Qxd6 Nd4 18.Bd1 Bf5 19.Ra1 a6 20.Qxd8 Rfxd8 21.Nc3 Bf8 22.Rb1 Bh6
23.Nb3 Bxc1 24.Rxc1 Rac8 25.c5 Be6 26.Nxd4 exd4 27.Nb1 d3 28.Nd2 Rd4 29.a5 b5
30.Rb1 Bd7 31.Re1 Re8 32.Nf1 Nd5 33.Bb3 Nc3 34.Rb2 Ne2+ 35.Rexe2 dxe2 36.Rxe2 Rxb4
37.Bd5 Re5 38.Rd2 Be6 39.Bxe6 Rxe6 40.g3 Rc4 41.Rd8+ Kg7 42.Rc8 b4 43.Ne3 Rc1+
44.Kg2 b3 45.Rb8 Rxc5 46.Rxb3 Rxa5 47.Rb7+ Kg8 48.g4 Rf6 49.Re7 Ra2 50.Rxe4 Raxf2+
51.Kg1 Ra2 52.Nd5 Rd6 53.Re5 Kf7  0-1

[Event "Burgas"]
[Site "Burgas"]
[Date "1991.??.??"]
[Round "9"]
[White "Lalev, Dimitar"]
[Black "Levacic, Patrick"]
[Result "1-0"]
[WhiteElo "2425"]
[BlackElo "2265"]

1.d4 Nf6 2.c4 g6 3.Nc3 Bg7 4.e4 d6 5.Be2 O-O 6.Nf3 e5 7.O-O Nc6 8.d5 Ne7
9.Nd2 a5 10.a3 Nd7 11.Rb1 f5 12.b4 axb4 13.axb4 Kh8 14.Qc2 Ng8 15.exf5 gxf5
16.f4 exf4 17.Nf3 Be5 18.Bd3 Nh6 19.Ne2 Qf6 20.Nxf4 Bxf4 21.Bxf4 Ng4 22.Rbe1 Nde5
23.Bc1 Bd7 24.h3 Nxf3+ 25.Rxf3 Ne5 26.Bb2 Rae8 27.Ref1 Nxf3+ 28.gxf3 Re5
29.f4 Rg8+ 30.Kh2 Qh4 31.Qf2  1-0

[Event "Cappelle op"]
[Site "Cappelle la Grande"]
[Date "1991.??.??"]
[Round "?"]
[White "Roeder, Mathias"]
[Black "Etchegaray, Patrice"]
[Result "1-0"]
[WhiteElo "2430"]
[BlackElo "2270"]

1.d4 Nf6 2.c4 g6 3.Nc3 Bg7 4.e4 d6 5.Be2 O-O 6.Nf3 e5 7.O-O Nc6 8.d5 Ne7
9.Ne1 Nd7 10.Nd3 f5 11.Bd2 Nf6 12.f3 f4 13.c5 g5 14.Rc1 Ng6 15.cxd6 cxd6
16.Nb5 Rf7 17.Qc2 Ne8 18.a4 h5 19.Nf2 Bf8 20.Nxa7 Bd7 21.Nb5 Rg7 22.h3 Nh4
23.Qb3 Nf6 24.Nc7 g4 25.Ne6 Bxe6 26.dxe6 Kh8 27.fxg4 Qe8 28.a5 Qg6 29.Rc4 hxg4
30.hxg4 Rh7 31.Rfc1 Re8 32.Rc8 Qh6 33.Rxe8 Nxe8 34.Rc3 Nxg2 35.Kxg2 f3+ 36.Rxf3  1-0

[Event "Cetinje (Women)"]
[Site "Cetinje"]
[Date "1991.??.??"]
[Round "7"]
[White "Maric, Alisa"]
[Black "Micic, Jordanka"]
[Result "1/2-1/2"]
[WhiteElo "2425"]
[BlackElo "2275"]

1.d4 Nf6 2.c4 g6 3.Nc3 Bg7 4.e4 d6 5.Nf3 O-O 6.Be2 e5 7.O-O Nc6 8.Be3 Ng4
9.Bg5 f6 10.Bh4 Nh6 11.dxe5 dxe5 12.c5 Qxd1 13.Rfxd1 Bg4 14.Ne1 Bxe2 15.Nxe2 Rfd8
16.f3 Rxd1 17.Rxd1 Rd8 18.Rxd8+ Nxd8 19.Nc2 c6 20.Nc1 Ne6 21.b4 Nf7 22.Nb3 Nfd8
23.Ne3 Kf7 24.Nc4 Bf8 25.a3 Be7 26.Bf2 Nf4 27.Kf1 Ke6 28.Be3 Nh5 29.Bc1 Ng7
30.Bb2 Kd7 31.g3 Nde6 32.Nc1 Bd8 33.Nd3 Bc7 34.Nd2 a5 35.Nc4 axb4 36.axb4 Ne8
37.Kf2 N8g7 38.Ke3 Nh5 39.Nc1 Bd8 40.Ne2 Bc7 41.Bc3 Ke7  1/2-1/2

[Event "JUG-chT Cetinje"]
[Site "Cetinje"]
[Date "1991.??.??"]
[Round "9"]
[White "Radonjic, Goran"]
[Black "Todorovic, Violeta"]
[Result "1-0"]
[WhiteElo "2220"]
[BlackElo "2040"]

1.d4 Nf6 2.c4 g6 3.Nc3 Bg7 4.e4 d6 5.Nf3 O-O 6.Be2 e5 7.O-O Nc6 8.d5 Ne7
9.Ne1 Nd7 10.Nd3 f5 11.Bd2 Nf6 12.f3 f4 13.g4 c5 14.Rb1 g5 15.a3 h5 16.h3 Kf7
17.b4 b6 18.Nb5 a6 19.Nc3 Bd7 20.bxc5 bxc5 21.Na4 Rb8 22.Rxb8 Qxb8 23.Ba5 Bxa4
24.Qxa4 Rh8 25.Kg2 Qg8 26.Nf2 Ng6 27.Rb1 hxg4 28.Rb7+ Ne7 29.hxg4 Qh7 30.Qc6 Ne8
31.Qd7 Bf6 32.Qe6+ Kf8 33.Rb8 Qf7 34.Qxd6 Kg8 35.Qxc5 Ng6 36.d6 Nf8  1-0

[Event "POL-ch"]
[Site "Cetniewo"]
[Date "1991.??.??"]
[Round "1"]
[White "Schmidt, Wlodzimierz"]
[Black "Pedzich, Dominik"]
[Result "1/2-1/2"]
[WhiteElo "2460"]
[BlackElo "2400"]

1.Nf3 Nf6 2.c4 g6 3.Nc3 Bg7 4.e4 d6 5.d4 O-O 6.Be2 e5 7.O-O Nc6 8.d5 Ne7
9.Ne1 Nd7 10.Nd3 f5 11.Bd2 Nf6 12.f3 Kh8 13.b4 c6 14.Rc1 a5 15.bxa5 c5 16.exf5 Nxf5
17.Ne4 Nd4 18.Ndf2 Nh5 19.Re1 b6 20.Bg5 Nf6 21.axb6 Qxb6 22.Rb1 Qc7 23.Bxf6 Bxf6
24.Nxf6 Rxf6 25.Ne4 Rf8 26.Rb2 Bf5 27.Qd2 Bxe4 28.fxe4 Qf7 29.Bd3 Qd7 30.Qh6 Qg7
31.Qxg7+ Kxg7 32.Rf1 Rf4 33.Rbf2 Ra3 34.Bb1  1/2-1/2

[Event "POL-ch"]
[Site "Cetniewo"]
[Date "1991.??.??"]
[Round "8"]
[White "Schmidt, Wlodzimierz"]
[Black "Jaracz, Pawel"]
[Result "1/2-1/2"]
[WhiteElo "2460"]
[BlackElo "2300"]

1.Nf3 Nf6 2.c4 g6 3.Nc3 Bg7 4.d4 O-O 5.e4 d6 6.Be2 e5 7.O-O Nc6 8.d5 Ne7
9.Ne1 Nd7 10.Nd3 f5 11.Bd2 Kh8 12.b4 Nf6 13.f3 h5 14.exf5 Nxf5 15.Bg5 a5
16.bxa5 c6 17.dxc6 bxc6 18.c5 Qxa5 19.Ne4 Nh7 20.Bd2 Qa7 21.g4 hxg4 22.fxg4 d5
23.Ng5  1/2-1/2

[Event "POL-ch"]
[Site "Cetniewo"]
[Date "1991.??.??"]
[Round "10"]
[White "Schmidt, Wlodzimierz"]
[Black "Skalik, Przemyslaw"]
[Result "1-0"]
[WhiteElo "2460"]
[BlackElo "2415"]

1.Nf3 Nf6 2.c4 g6 3.Nc3 Bg7 4.e4 d6 5.d4 O-O 6.Be2 e5 7.O-O Nc6 8.d5 Ne7
9.Bg5 h6 10.Bxf6 Bxf6 11.b4 Kg7 12.c5 Ng8 13.a4 Be7 14.cxd6 cxd6 15.a5 f5
16.Nd2 Nf6 17.Rc1 Rf7 18.Qb3 Ng4 19.Rc2 fxe4 20.Ncxe4 Bg5 21.Rxc8 Qxc8 22.Nxd6 Qd7
23.Nxf7 Bxd2 24.Bxg4 Qxg4 25.Nxe5 Qxb4 26.Qd3  1-0

[Event "POL-ch"]
[Site "Cetniewo"]
[Date "1991.??.??"]
[Round "13"]
[White "Staniszewski, Piotr"]
[Black "Schmidt, Wlodzimierz"]
[Result "1/2-1/2"]
[WhiteElo "2385"]
[BlackElo "2460"]

1.c4 g6 2.Nc3 Bg7 3.d4 Nf6 4.e4 d6 5.Nf3 O-O 6.Be2 e5 7.O-O Nc6 8.Be3 Re8
9.dxe5 dxe5 10.Qxd8 Nxd8 11.h3 Ne6 12.c5 Nd4 13.Nxd4 exd4 14.Bxd4 Nxe4 15.Bxg7 Kxg7
16.Nd5 Re5 17.Nxc7 Rb8 18.Rfd1 Rxc5 19.Rac1 Rxc1 20.Rxc1 Bd7 21.Bf3 Nf6 22.b3 b6
23.a4 Kf8 24.Nb5 a6 25.Na7 a5 26.Rb1 Re8 27.b4 Bxa4 28.bxa5 bxa5 29.Ra1 Bd7
30.Rxa5  1/2-1/2

[Event "Cheliabinsk op"]
[Site "Cheliabinsk"]
[Date "1991.??.??"]
[Round "?"]
[White "Belov, Igor"]
[Black "Prohorov, Vladimir"]
[Result "0-1"]
[WhiteElo "2440"]
[BlackElo "2230"]

1.Nf3 Nf6 2.c4 g6 3.Nc3 Bg7 4.e4 d6 5.d4 O-O 6.Be2 e5 7.O-O Nc6 8.d5 Ne7
9.Bg5 h6 10.Bxf6 Bxf6 11.b4 Bg7 12.c5 f5 13.Nd2 Kh7 14.Rc1 Ng8 15.cxd6 cxd6
16.Nb5 Nf6 17.Nc7 Rb8 18.Bd3 f4 19.Qa4 a6 20.b5 Nh5 21.f3 Rf7 22.b6 Bf8 23.Qb3 Ng7
24.Rc2 Qf6 25.Rfc1 Bd7 26.Bxa6 bxa6 27.Nxa6 Rb7 28.Rc7 Qg5 29.h4 Rxc7 30.Nxc7 Qxh4
31.b7 Nh5 32.b8=Q Ng3 33.Qc4 Qh1+ 34.Kf2 Qh4 35.Kg1 Qh1+ 36.Kf2 Qh4 37.Kg1 Qh1+
38.Kf2 Qh4 39.Qb6 Be7 40.Nf1 Qh1 41.Nd2 Qh4 42.Ke1 Qh1+ 43.Nf1 Bh4 44.Kd2 Qxg2+
45.Kc3 Ne2+ 46.Kb2 Nxc1+ 47.Kxc1 Qxf3 48.Ne6 Qa3+ 49.Kd2 Be7 50.Qcb3 Qa8
51.Qc7 Be8 52.a3 Qa6 53.Qcc4 Qa7 54.Qf3 Bh4 55.Qh3 g5 56.Nd8 Bd7 57.Qhc3 Rg7
58.Nc6 Qg1 59.Kc2 g4 60.Nb8 Be8 61.Nd2 Bg6 62.Qc8 Qg2 63.Nd7 Be7 64.Nxe5 dxe5
65.Qxe5 Bxa3 66.Qcc3 Bf8 67.d6 f3 68.d7 f2 69.d8=Q f1=Q 70.Qde7 Qf7 71.Qxf7 Bxf7
72.Qf5+ Kg8 73.Qfc8 Qf2 74.Qb4 Bg6 75.Qbc4+ Kh7 76.Qxg4 Bd6 77.Qce6 Bb4 78.Qd5 Rc7+
79.Kd1 Bxd2 80.Qxd2 Qf1+ 81.Qe1 Rc1+ 82.Kxc1 Qxe1+  0-1

[Event "Cheliabinsk"]
[Site "Cheliabinsk"]
[Date "1991.??.??"]
[Round "?"]
[White "Ulibin, Mikhail"]
[Black "Enhbat, P."]
[Result "1-0"]
[WhiteElo "2465"]
[BlackElo "2300"]

1.Nf3 Nf6 2.c4 g6 3.Nc3 Bg7 4.e4 d6 5.d4 O-O 6.Be2 e5 7.O-O Nc6 8.d5 Ne7
9.Nd2 a5 10.a3 Bd7 11.b3 Ne8 12.Rb1 c5 13.dxc6 bxc6 14.b4 d5 15.b5 dxc4 16.b6 Nd6
17.Nxc4 Nb5 18.Na4 Be6 19.b7 Ra7 20.Qxd8 Rxd8 21.Nd6 Nxd6 22.b8=Q  1-0

[Event "Capablanca mem"]
[Site "Cienfuegos"]
[Date "1991.??.??"]
[Round "9"]
[White "Armas, Jorge"]
[Black "Hernandez, Gilberto"]
[Result "1/2-1/2"]
[WhiteElo "2395"]
[BlackElo "2525"]

1.Nf3 Nf6 2.c4 g6 3.Nc3 Bg7 4.d4 O-O 5.e4 d6 6.Be2 e5 7.O-O Nc6 8.Be3 Ng4
9.Bg5 f6 10.Bc1 exd4 11.Nxd4 Nxd4 12.Qxd4 f5 13.Qd5+ Kh8 14.Bxg4 fxg4 15.Be3 c6
16.Qd3 Be6 17.Rad1 Be5 18.Bd4 Qg5 19.b3 Rf3 20.Bxe5+ dxe5 21.Qd6 Re8 22.Ne2 Rf7
23.Qc5 a6 24.Rd6 Kg7 25.Rfd1 h5 26.Qb6 h4 27.Rd8 Rxd8 28.Qxd8 Qxd8 29.Rxd8 b5
30.c5 Rd7 31.Rxd7+ Bxd7 32.Nc1 a5 33.a3 Kf6 34.Kf1 Be6 35.Ke2 g5 36.g3 hxg3
37.hxg3 Bf7 38.Kd3 Bg8 39.Kc3  1/2-1/2

[Event "Clichy op"]
[Site "Clichy"]
[Date "1991.??.??"]
[Round "8"]
[White "Al Khateeb, Ahmed"]
[Black "Relange, Eloi"]
[Result "1-0"]
[WhiteElo "2245"]
[BlackElo "2260"]

1.d4 Nf6 2.Nf3 g6 3.c4 Bg7 4.Nc3 O-O 5.e4 d6 6.Be2 e5 7.O-O Nc6 8.d5 Ne7
9.Ne1 Nd7 10.Nd3 f5 11.Bd2 Nf6 12.f3 f4 13.Rc1 g5 14.g4 fxg3 15.hxg3 h6 16.Kg2 Qe8
17.Nb5 Qd7 18.Nf2 a6 19.Na3 c5 20.Nc2 Qe8 21.Ne3 Qg6 22.g4 Qe8 23.Nf5 Nxf5
24.exf5 e4 25.fxe4 Nxe4 26.Nxe4 Qxe4+ 27.Bf3 Qd4 28.Rc2 b5 29.Re1 Bd7 30.Re7 Rf7
31.Re4 Qf6 32.Re6 Qd4 33.Qc1 Bxe6 34.dxe6 Rfa7 35.Bc3 Qd3 36.Bxg7 Kxg7 37.Rd2 Qe3
38.f6+ Kh8 39.e7 b4 40.Qc2 Qf4 41.Re2 Qxf6 42.e8=Q+ Rxe8 43.Rxe8+ Kg7 44.Bd5  1-0

[Event "Clichy op"]
[Site "Clichy"]
[Date "1991.??.??"]
[Round "9"]
[White "Al Khateeb, Ahmed"]
[Black "McDonald, Neil R"]
[Result "0-1"]
[WhiteElo "2245"]
[BlackElo "2385"]

1.d4 Nf6 2.Nf3 g6 3.c4 Bg7 4.Nc3 d6 5.e4 O-O 6.Be2 e5 7.O-O Nc6 8.d5 Ne7
9.Ne1 Nd7 10.Nd3 f5 11.Bd2 Kh8 12.f3 Ng8 13.Rc1 Bh6 14.b4 Bxd2 15.Qxd2 Ndf6
16.c5 f4 17.cxd6 cxd6 18.Nb5 Bd7 19.Nf2 Bxb5 20.Bxb5 h5 21.a4 Qb6 22.h4 Nh7
23.Bd7 Qd8 24.Be6 Qxh4 25.Rc7 g5 26.Rxb7 g4 27.fxg4 Ng5 28.gxh5 Nf6 29.Rc1 Rg8
30.Rc3 f3 31.g3 Qxg3+  0-1

[Event "Copenhagen op"]
[Site "Copenhagen"]
[Date "1991.??.??"]
[Round "3"]
[White "Grotnes, Nils"]
[Black "Stefansson, Hannes"]
[Result "1-0"]
[WhiteElo "2300"]
[BlackElo "2450"]

1.d4 Nf6 2.c4 g6 3.Nc3 Bg7 4.e4 d6 5.Be2 O-O 6.Nf3 e5 7.O-O Nc6 8.d5 Ne7
9.Ne1 Nd7 10.Nd3 f5 11.Bd2 Nf6 12.f3 f4 13.Rc1 g5 14.c5 Ng6 15.cxd6 cxd6
16.Nb5 Rf7 17.Qc2 g4 18.Nc7 gxf3 19.gxf3 Bh3 20.Nxa8 Nxd5 21.Nf2 Qg5+ 22.Ng4 Nde7
23.Nc7 Nh4 24.Qb3 h5 25.Ne6 Qg6 26.Rf2 hxg4 27.fxg4 Bxg4 28.Bxg4 Qxg4+ 29.Kh1 Qg6
30.Re1 Kh8 31.Ng5 Rf6 32.Qxb7 Ng8 33.Rg1 Qh5 34.Qc8 Bh6 35.Nf3 Ng6 36.Qe8 Bg7
37.Rg5 Qh7 38.Rfg2 Qh3 39.Ng1 Qh7 40.Rxg6 f3 41.Rxg7  1-0

[Event "DEN-ch"]
[Site "DEN"]
[Date "1991.??.??"]
[Round "1"]
[White "Holst, Allan"]
[Black "Nielsen, Peter Heine"]
[Result "1/2-1/2"]
[WhiteElo "2300"]
[BlackElo "2365"]

1.Nf3 Nf6 2.c4 g6 3.Nc3 Bg7 4.e4 d6 5.d4 O-O 6.Be2 e5 7.O-O Nc6 8.d5 Ne7
9.Nd2 c6 10.b4 a5 11.bxa5 Qxa5 12.Nb3 Qxc3 13.Bd2 Qb2 14.Bc1 Qc3 15.Bd2 Qb2
16.Bc1 Qc3  1/2-1/2

[Event "DEN-chT"]
[Site "DEN"]
[Date "1991.??.??"]
[Round "3"]
[White "Berg, Klaus"]
[Black "Kristensen, Leif"]
[Result "1/2-1/2"]
[WhiteElo "2420"]
[BlackElo "2275"]

1.d4 Nf6 2.Nf3 g6 3.c4 Bg7 4.Nc3 O-O 5.e4 d6 6.Be2 e5 7.O-O Nc6 8.d5 Ne7
9.Nd2 a5 10.a3 c6 11.Rb1 b5 12.b4 axb4 13.axb4 bxc4 14.dxc6 Nxc6 15.Nxc4 Nd4
16.Bg5 Be6 17.Ne3 Qc7 18.Ncd5 Bxd5 19.Nxd5 Nxd5 20.exd5 Ra2 21.Re1 Rc8 22.Bf1 Qb7
23.Be3 Qxd5 24.Bxd4 exd4 25.b5 d3 26.Bxd3 Bd4  1/2-1/2

[Event "DEN-chB"]
[Site "DEN"]
[Date "1991.??.??"]
[Round "4"]
[White "Larsen, S."]
[Black "Pedersen, Steffen"]
[Result "1/2-1/2"]
[WhiteElo "2295"]
[BlackElo "2280"]

1.Nf3 Nf6 2.c4 g6 3.Nc3 Bg7 4.e4 d6 5.d4 O-O 6.Be2 e5 7.O-O Nc6 8.Be3 Ng4
9.Bg5 f6 10.Bc1 Nh6 11.dxe5 dxe5 12.Qd5+ Kh8 13.Be3 Qe8 14.Rad1 Be6 15.Qb5 Rb8
16.Qa4 g5 17.b4 g4 18.Nd2 f5 19.exf5 Bxf5 20.Nb3 Bc2 21.Rd2 Qg6 22.Nd5 Nd4
23.Bxd4 exd4 24.Qxa7 d3 25.Bd1 Nf5 26.Rxc2 dxc2 27.Bxc2 Be5 28.g3 Qh5 29.Bxf5 Qxf5
30.Qc5 Qe4 31.Ne3 b6 32.Qd5 Qxd5 33.Nxd5 Ra8 34.Re1 Bg7  1/2-1/2

[Event "DEN-ch"]
[Site "DEN"]
[Date "1991.??.??"]
[Round "9"]
[White "Larsen, Bent"]
[Black "Mortensen, Erling"]
[Result "1/2-1/2"]
[WhiteElo "2560"]
[BlackElo "2450"]

1.c4 g6 2.Nc3 Bg7 3.d4 Nf6 4.e4 d6 5.Be2 O-O 6.Nf3 e5 7.O-O Nc6 8.d5 Ne7
9.Kh1 Kh8 10.a4 a5 11.Ra3 b6 12.Ne1 Nd7 13.Nd3 f5 14.exf5 gxf5 15.f4 Ng6
16.Bh5 e4 17.Nf2 Nc5 18.Nb5 Bd7 19.Rh3 Kg8 20.Rg3 Bxb5 21.cxb5 Qf6 22.b3 Rae8
23.Nh3 Qd4 24.Ng5 Qxd1 25.Rxd1 Re7 26.Nxh7 Kxh7 27.Rxg6 e3 28.Rg3 e2 29.Re1 Ne4
30.Rxg7+ Kxg7 31.Rxe2 Kh6 32.Bf3 Rfe8 33.Kg1 Nc5 34.Rxe7 Rxe7 35.Kf1 Nxb3
36.Bb2 Nc5 37.Bf6 Re3 38.Bd8 Nd3 39.Bg5+ Kg7 40.Be2 Nc5 41.Bd8 Rc3 42.g4 Nxa4
43.gxf5 Rh3 44.Kg2 Rh8 45.Bxc7 Nc3 46.Bxd6 Nxd5 47.Be5+ Nf6 48.Bc4 a4 49.Kg3 a3
50.h4 Rf8 51.Kf3 Rh8 52.Kg3 Rf8 53.Kf3 Kh6 54.Bd4 Nd7 55.Ke4 Ra8 56.Ba2 Ra5
57.Kd5 Rxb5+ 58.Kc6 Rxf5 59.Kxd7 Kh5 60.Be5 Kxh4 61.Kc6 Kg3 62.Kxb6 Rxf4
63.Bxf4+  1/2-1/2

[Event "DEN-ch"]
[Site "DEN"]
[Date "1991.??.??"]
[Round "11"]
[White "Larsen, Bent"]
[Black "Nielsen, Peter Heine"]
[Result "0-1"]
[WhiteElo "2560"]
[BlackElo "2365"]

1.Nf3 Nf6 2.c4 g6 3.Nc3 Bg7 4.e4 d6 5.d4 O-O 6.Be2 e5 7.O-O Nc6 8.d5 Ne7
9.Kh1 Nd7 10.Bd2 Kh8 11.b4 Ng8 12.Rc1 f5 13.exf5 gxf5 14.Ng5 Ndf6 15.f4 e4
16.Be3 h6 17.Nh3 Ne7 18.Qd2 a6 19.Nf2 Bd7 20.Nfd1 Qe8 21.Bd4 Rd8 22.Ne3 Bc8
23.a4 Qf7 24.a5 Rg8 25.g3 Kh7 26.Rg1 h5 27.h4 Bh6 28.Bf1 Rg6 29.Bh3 Rdg8
30.Ne2 c6 31.dxc6 bxc6 32.Ba1 d5 33.b5 dxc4 34.Nxc4 axb5 35.Ne5 Qd5 36.Qxd5 Nfxd5
37.Nxg6 Kxg6 38.Nd4 Bd7 39.Nb3 Ra8 40.Be5 Ne3 41.Ra1 Nc2 42.Rad1 Nd5 43.Rd2 Ncb4
44.Bf1 Bf8 45.Bd4 Be6 46.Be2 Nc7 47.Nc5 Bd5 48.Rb2 Nd3 49.Bxd3 exd3+ 50.Kh2 Ne6
51.Nxe6 Bxe6 52.Ra1 Ra6 53.Re1 c5 54.Bf2 b4 55.Re5 c4 56.Rd2 Rd6 57.Bb6 Kf7  0-1

[Event "Dortmund op"]
[Site "Dortmund"]
[Date "1991.??.??"]
[Round "3"]
[White "Halasz, Tamas"]
[Black "Nickl, Klaus"]
[Result "1-0"]
[WhiteElo "2410"]
[BlackElo "2225"]

1.d4 Nf6 2.Nf3 g6 3.c4 Bg7 4.Nc3 d6 5.e4 O-O 6.Be2 e5 7.O-O Nc6 8.d5 Ne7
9.Ne1 Nd7 10.Nd3 f5 11.Bd2 Nf6 12.f3 f4 13.g4 c6 14.Kg2 a5 15.Be1 b5 16.dxc6 b4
17.Nb5 Nxc6 18.Nf2 Be6 19.Qxd6 Qxd6 20.Nxd6 Nd4 21.Bd3 Nd7 22.a3 b3 23.Nb7 a4
24.Bb4 Rfc8 25.Rac1 Bf8 26.c5 Rab8 27.Nd6 Rc6 28.Rc3 Rxb4 29.axb4 Bxd6 30.cxd6 Rxc3
31.bxc3 Nc2 32.Bxc2 bxc2 33.Rc1 Bb3 34.Nd3 Kf7 35.Ne1 Ke6 36.Nxc2 Kxd6 37.Na3 Kc6
38.Kf2 Nb6 39.c4 Na8 40.c5 Nc7 41.Ke2 Be6 42.Kd3 Bc8 43.Kc3 Ne6 44.b5+ Kc7
45.Kb4 Nd4 46.Rc3 Ne2 47.Rd3 Nc1 48.Rd6 h5 49.gxh5 gxh5 50.b6+ Kb7 51.Nc4 Na2+
52.Kxa4 Ka6 53.c6 Nc3+ 54.Kb4  1-0

[Event "Dortmund op"]
[Site "Dortmund"]
[Date "1991.??.??"]
[Round "5"]
[White "Berebora, Ferenc"]
[Black "Schmidt, Wlodzimierz"]
[Result "1/2-1/2"]
[WhiteElo "2310"]
[BlackElo "2460"]

1.c4 g6 2.e4 Bg7 3.d4 d6 4.Nc3 Nf6 5.Nf3 O-O 6.Be2 e5 7.O-O Nc6 8.d5 Ne7
9.Bg5 Nh5 10.g3 f6 11.Bd2 f5 12.exf5 Nxf5 13.Ng5 Nf6 14.Nce4 Nd4 15.Bc3 Nxe2+
16.Qxe2 Nh5 17.Kg2 h6 18.Nh3 Qd7 19.Ng1 Qf7 20.f3 g5 21.Nh3 b6 22.g4 Nf6  1/2-1/2

[Event "Dortmund-B"]
[Site "Dortmund"]
[Date "1991.??.??"]
[Round "6"]
[White "Lutz, Christopher"]
[Black "Paehtz, Thomas Sr"]
[Result "1-0"]
[WhiteElo "2500"]
[BlackElo "2455"]

1.d4 Nf6 2.c4 g6 3.Nc3 Bg7 4.e4 d6 5.Nf3 O-O 6.Be2 e5 7.O-O Nc6 8.d5 Ne7
9.Ne1 Nd7 10.Nd3 f5 11.Bd2 Nf6 12.f3 Kh8 13.b4 Neg8 14.Rc1 Bh6 15.exf5 gxf5
16.f4 Ne4 17.Be1 Ngf6 18.fxe5 dxe5 19.Nxe4 Nxe4 20.Nxe5 Qe7 21.Nf3 a5 22.Rb1 Be3+
23.Kh1 axb4 24.Bxb4 Bc5 25.a3 Ra6 26.Qe1 Rg8 27.Bd3 Qg7 28.g3 Bxb4 29.axb4 Re8
30.Bxe4 fxe4 31.Qe3 Rf8 32.Ng5 Rxf1+ 33.Rxf1 Ra1 34.Rxa1 Qxa1+ 35.Kg2 Bf5
36.Nxe4 Qe5 37.Kf3 b5 38.cxb5 Qxd5 39.Kf4 Qxb5 40.Qd4+ Kg8 41.Qd8+  1-0

[Event "Dortmund op"]
[Site "Dortmund"]
[Date "1991.??.??"]
[Round "7"]
[White "Grivas, Efstratios"]
[Black "Maeder, Karl Heinz"]
[Result "1/2-1/2"]
[WhiteElo "2425"]
[BlackElo "2360"]

1.d4 Nf6 2.Nf3 g6 3.c4 Bg7 4.Nc3 O-O 5.e4 d6 6.Be2 e5 7.O-O Nc6 8.d5 Ne7
9.b4 Nh5 10.c5 f5 11.Qb3 fxe4 12.Nxe4 Nf4 13.Bxf4 Rxf4 14.cxd6 cxd6 15.Bd3 Nf5
16.Qd1 Nd4 17.Nxd4 exd4 18.Rc1 Bf5 19.Ng3 Bd7 20.Qc2 Rc8 21.Qd2 Rf8 22.Rxc8 Bxc8
23.a4 Rf7 24.f4 Qe8 25.Ne4 Qe7 26.Re1 Rf8 27.Ng5 Qf6 28.g3 Bd7 29.Bb5 Bf5
30.Bd3 Bd7 31.Ne4 Qe7 32.Nc5 Qf7 33.Nxb7 Qxd5 34.Na5 Kh8 35.Be4 Qh5 36.b5 Qc5
37.Bd3 Re8 38.Rxe8+ Bxe8 39.Nc4 Bf7 40.Qc2 Qb4 41.Nd2 Qc3 42.Kf2 d5 43.Nb1 Qa5
44.Qc8+ Bg8 45.f5 gxf5 46.Qc2 f4 47.gxf4 Qd8 48.Kg3 Qe7 49.Qe2 Qb4 50.Nd2 Qxa4
51.Nf3 Qa3 52.Ne5 Qd6 53.Qh5 Bxe5 54.fxe5 Qe7 55.Qf5  1/2-1/2

[Event "Dortmund op"]
[Site "Dortmund"]
[Date "1991.??.??"]
[Round "7"]
[White "Halasz, Tamas"]
[Black "Schmidt, Wlodzimierz"]
[Result "0-1"]
[WhiteElo "2410"]
[BlackElo "2460"]

1.d4 Nf6 2.Nf3 g6 3.c4 Bg7 4.Nc3 O-O 5.e4 d6 6.Be2 e5 7.O-O Nc6 8.d5 Ne7
9.Ne1 Nd7 10.Nd3 f5 11.Bd2 Kh8 12.Rc1 c5 13.f3 Nf6 14.g4 a6 15.Nf2 h6 16.Kg2 fxg4
17.fxg4 g5 18.Rb1 Ng6 19.Kg3 b6 20.b4 Ra7 21.bxc5 bxc5 22.Na4 Raf7 23.h3 Nh4
24.Nb6 Bb7 25.a4 Ng8 26.a5 Ne7 27.Nd3 Neg6 28.Rxf7 Rxf7 29.Rb3 Nf4 30.Ne1 Qf6
31.Bf3 h5 32.gxh5 Nxh5+ 33.Kh2 g4 34.hxg4 Nf4 35.Kg3 Bh6 36.Be3 Nhg6 37.Ng2 Bg5
38.Bg1 Bh4+  0-1

[Event "Elgoibar"]
[Site "Elgoibar"]
[Date "1991.??.??"]
[Round "8"]
[White "Garcia Palermo, Carlos"]
[Black "Topalov, Veselin"]
[Result "1/2-1/2"]
[WhiteElo "2455"]
[BlackElo "2455"]

1.d4 Nf6 2.c4 g6 3.Nc3 Bg7 4.e4 d6 5.Nf3 O-O 6.Be2 e5 7.O-O Nc6 8.d5 Ne7
9.b4 Nh5 10.g3 h6 11.Nh4 Nf6 12.Be3 Nh7 13.Qd2 g5 14.Ng2 f5 15.f4 exf4 16.gxf4 Ng6
17.exf5 Bxf5 18.fxg5 Nxg5 19.Rac1 Ne5 20.Kh1 Qe7 21.c5 Bh3 22.Bxg5 hxg5 23.Qe3 Bf5
24.Nb5 a6 25.cxd6 cxd6 26.Nd4 Bd7 27.Rxf8+ Rxf8 28.Rc7 Ng4  1/2-1/2

[Event "FIN-chT"]
[Site "FIN"]
[Date "1991.??.??"]
[Round "?"]
[White "Norri, Joose"]
[Black "Maki, Veijo"]
[Result "0-1"]
[WhiteElo "2325"]
[BlackElo "2430"]

1.d4 Nf6 2.c4 g6 3.Nc3 Bg7 4.e4 d6 5.Be2 O-O 6.Nf3 e5 7.O-O Nc6 8.d5 Ne7
9.Ne1 Nd7 10.Nd3 f5 11.Bd2 Nf6 12.f3 h5 13.Rc1 f4 14.c5 g5 15.Nb5 Ne8 16.a4 Ng6
17.Ba5 b6 18.cxb6 axb6 19.Bd2 Rf7 20.Nb4 Bf8 21.a5 bxa5 22.Nc6 Qf6 23.Bxa5 Rg7
24.Nca7 Bd7 25.Bxc7 g4 26.fxg4 hxg4 27.g3 Qg5 28.Nc6 fxg3 29.hxg3 Qe3+ 30.Kg2 Qxe4+
31.Kg1 Rh7 32.Qd3 Qh1+ 33.Kf2 Rf7+ 34.Ke1 Rxf1+ 35.Bxf1 e4 36.Qb3 Bh6 37.Rd1 Nxc7
38.Nxc7 Rf8 39.Qc4 Qg1  0-1